| 000 | 01594nam a2200313 a 4500 | ||
|---|---|---|---|
| 001 | 000004734 | ||
| 003 | DO-SdBPM | ||
| 005 | 20241112092836.0 | ||
| 008 | 090725s1997 dr c r 001 0dspa d | ||
| 020 | _a8489548250 | ||
| 040 |
_aDO-SdBPM _bspa _cBPMSU |
||
| 082 | 4 |
_a929.2 _bG923c 1997 _222 |
|
| 100 | 1 |
_aCampillo Pérez, Julio G., _d1922- |
|
| 245 | 1 | 3 |
_aLa familia de Máximo Grullón Salcedo : _bprócer de la restauración nacional / _cJulio G. Campillo Pérez ; prólogo José Alcántara Almánzar. |
| 260 |
_aSanto Domingo : _bInstituto Dominicano de Genealogía, _c1997. |
||
| 300 |
_a402 p. : _bretr. ; _c24 cm. |
||
| 490 | 0 |
_aInstituto Dominicano de Genealogía, _v6 |
|
| 500 | _aIncluye referencias bibliográficas y notas al pie de las páginas. | ||
| 505 | 0 |
_tPrólogo -- _tEl apellido Grullón -- _tFamilia Grullón-Inoa -- _tFamilia Grullón-Grullón -- _tFamilia Grullón-Salcedo -- _tFamilia Grullón-Figueroa -- _tFamilia Salcedo -- _tFamilia Grullón-Julia -- _tFamilias Julia -- _tFamilia Grullón-Ricardo -- _tFamilia Ponce de León-Grullón -- _tFamilia Llompart-Grullón -- _tEliseo y Emilio Grullón-Julia -- _tFamilia Grullón-Rodríguez Objio -- _tManuel Franco -- _tÍndice onomástico. |
|
| 590 | _aInventariado, 2024/VM | ||
| 600 | 1 | 4 |
_aGrullón Salcedo, Máximo, _d1826-1878 |
| 650 | 4 |
_aGrullón (familia) _xGenealogía |
|
| 650 | 4 | _aParentesco | |
| 651 | 4 |
_aRepública Dominicana _xGenealogía |
|
| 700 | 1 |
_aAlcántara Almánzar, José, _eprólogo |
|
| 710 | 1 | _aInstituto Dominicano de Genealogía | |
| 910 | _aVMateo V. Control de calidad.BPMSU | ||
| 942 |
_2ddc _cBK |
||
| 999 |
_c14858 _d14858 |
||